A magyar nyelv értelmező szótára 3. kötet, H-Kh

Uložené v:
Podrobná bibliografia
Médium: Kniha
Jazyk:Hungarian
Vydané: Budapest : Akadémiai Kiadó, 1960.
Vydanie:1. kiad.
ISBN: (viaz.)
Fyzický popis: 939 s.
Tagy: Pridať tag
Žiadne tagy, Buďte prvý kto otaguje tento záznam!

MARC

LEADER 00000nam a22000002aa4500
001 000465713
005 20150422152624.0
008 140225s1960 hu e hun d
020 |a (viaz.)  |c Kčs 180,00 
040 |a SVKKK  |b slo  |c SVKKK  |e AACR2 
041 0 |a hun 
044 |a hu  |c HU 
245 0 0 |a A magyar nyelv értelmező szótára  |n 3. kötet, H-Kh 
250 |a 1. kiad. 
260 |a Budapest :  |b Akadémiai Kiadó,  |c 1960. 
300 |a 939 s. 
910 |a svkkk 
998 |a BK 
090 |g SCKHL  |k Sklad Pribinova 1. posch.  |a IV.26884  |j 307087  |i 465713-10  |s Prezenčne